Normal view
MARC view
- The Last Night of Ramadan
Entry Topical Term
001 - CONTROL NUMBER
- control field: 130937
003 - CONTROL NUMBER IDENTIFIER
- control field: NUST
005 - DATE AND TIME OF LATEST TRANSACTION
- control field: 20251006144531.0
008 - FIXED-LENGTH DATA ELEMENTS
- fixed length control field: 251006|| aca||aabn | a|a d
040 ## - CATALOGING SOURCE
- Original cataloging agency: NUST
- Transcribing agency: NUST
150 ## - HEADING--TOPICAL TERM
- Topical term or geographic name entry element: The Last Night of Ramadan
670 ## - SOURCE DATA FOUND
- Source citation: Work cat.: (NUST): Maissa Hamed 130936, The Last Night of Ramadan, 2007.
